000 00526nam a2200205Ia 4500
003 OSt
005 20230426120338.0
008 210423s2011 xx 000 0 und d
020 _a9789380853154
040 _cAL
041 _aeng
082 _a515.8 DENC
_223
100 _aDENLINGER (Charles G).
_993357
245 _aElements of real analysis.
260 _aNew Delhi
_bJones & Bartlett Publishers
_c2011
300 _axxx,737
_bPB
365 _b695
_cINR
906 _aanalysis. ; Elements ; real
942 _2ddc
_cBK
999 _c161706
_d161706